Planning policies for sustainable building (Record no. 105697)

MARC details
000 -LEADER
fixed length control field 01373cam a2200205 4500
001 - CONTROL NUMBER
control field ##L134488
008 - FIXED-LENGTH DATA ELEMENTS--GENERAL INFORMATION
fixed length control field 060810n2006 000 0 eng u
035 ## - SYSTEM CONTROL NUMBER
System control number (Sirsi) u134488
041 0# - LANGUAGE CODE
Language code of text/sound track or separate title eng
050 04 - LIBRARY OF CONGRESS CALL NUMBER
Classification number 711.1 $2 18
110 2# - MAIN ENTRY--CORPORATE NAME
Corporate name or jurisdiction name as entry element England and Wales
Subordinate unit Local Government Association
9 (RLIN) 3545
245 00 - TITLE STATEMENT
Title Planning policies for sustainable building
Remainder of title guidance for local development frameworks
260 ## - PUBLICATION, DISTRIBUTION, ETC.
Place of publication, distribution, etc. London
Name of publisher, distributor, etc. LGA
Date of publication, distribution, etc. 2006
520 ## - SUMMARY, ETC.
Summary, etc. Sets out model policies and guidance on sustainable design and construction. They are designed to make the case to planners, developers and future occupiers for setting higher standards on a range of issues including carbon, water, materials, recycling and biodiversity. They aim to minimise the impact of new buildings both during construction and over their whole life cycle. The report and guidance are the outcome of a joint project between the Local Government Association, Planning Officers Society, Waste and Resources Action Programme, Planning Advisory Service and Enfield London Borough Council.
590 ## - LOCAL NOTE (RLIN)
Local note IKA220806
651 #4 - SUBJECT ADDED ENTRY--GEOGRAPHIC NAME
Geographic name England
Chronological subdivision 886-
690 ## - LOCAL SUBJECT ADDED ENTRY--TOPICAL TERM (OCLC, RLIN)
Topical term or geographic name as entry element ENVIRONMENTAL AND LAND CONSULTANCY-PLANNING AND DEVELOPMENT-PLANNING GUIDANCE
856 40 - ELECTRONIC LOCATION AND ACCESS
Uniform Resource Identifier <a href="https://www.waterwise.org.uk/images/site/Policy/planning%20policies%20complete.pdf">https://www.waterwise.org.uk/images/site/Policy/planning%20policies%20complete.pdf</a>
Public note View the report and guidance free of charge at www.lga.gov.uk...
942 ## - ADDED ENTRY ELEMENTS (KOHA)
Suppress in OPAC 0
Holdings
Withdrawn status Lost status Source of classification or shelving scheme Damaged status Not for loan Home library Current library Shelving location Date acquired Total Checkouts Full call number Barcode Date last seen Copy number Price effective from Koha item type
    Dewey Decimal Classification     Virtual Virtual Online 10/08/2006   ONLINE PUBLICATION 134488-2001 06/08/2019 1 06/08/2019 Book